000 00495nam a2200181Ia 4500
005 20250326123643.0
008 250326s9999 xx 000 0 und d
037 _aTextbook
040 _aFMSL
_beng
_cFMSL
041 _aeng
_2eng
084 _aX:51 L15
_qFMSL
100 _aGrayson R A
_9735729
245 0 _ainteroduction to marketing
_cGrayson R A
260 _aNY
_bNY, Appleton-Century-Crofts
_c1971
300 _a427p
942 _cTB
_hX:51 L15
999 _c1270347
_d1270347